| 000 | 00000nam 2200000za 4500 |
| 001 | 9.814000 |
| 003 | CaOODSP |
| 005 | 20221107141657 |
| 007 | cr ||||||||||| |
| 008 | 160503s2016 qucabo o f000 0 fre d |
| 020 | |a978-0-660-05004-1 |
| 040 | |aCaOODSP|bfre |
| 043 | |an-cn--- |
| 086 | 1 |aTU3-7/15-C0045F-PDF |
| 110 | 2 |aBureau de la sécurité des transports du Canada. |
| 245 | 10|aIncendie et naufrage, bateau de pêche Frederike, C-2, Rimouski (Québec), 28 avril 2015 |h[ressource électronique]. |
| 260 | |aGatineau, Quebec : |bBureau de la sécurité des transports du Canada, |cc2016. |
| 300 | |a31 p. : |bill. |
| 490 | 1 |aRapport d'enquête maritime ; |vM15C0045 |
| 500 | |aPublié aussi en anglais sous le titre : Fire and sinking, fishing vessel Frederike, C-2, Rimouski, Quebec, 28 April 2015. |
| 692 | 07|2gccst|aAccident maritime |
| 692 | 07|2gccst|aNavire de pêche |
| 692 | 07|2gccst|aEnquête |
| 775 | 08|tFire and sinking, fishing vessel Frederike, C-2, Rimouski, Quebec, 28 April 2015 |w(CaOODSP)9.813996 |
| 830 | #0|aRapport d'enquête maritime ;|vM15C0045|w(CaOODSP)9.501269 |
| 856 | 40|qPDF|s1.25 Mo|uhttps://publications.gc.ca/collections/collection_2016/bst-tsb/TU3-7-15-C0045-fra.pdf |